| 000 | 01180cam a22001935a 4500 | ||
|---|---|---|---|
| 001 | L150428 | ||
| 008 | 100713e2010 xxk 000 0 eng d | ||
| 035 | _a(Sirsi) u150428 | ||
| 041 | 0 | _aeng | |
| 100 | 1 | _aUnger, Paul | |
| 245 | 0 | 0 |
_aMarkets _bNorth-west |
| 260 | _c2010 | ||
| 490 | 0 |
_aProperty Week _v76(27) 9 July 2010, 43-56(6) |
|
| 520 | _aManchester city centre 2010 office take-up boosted by occupiers taking advantage of discounts and by the Co-op's new HQ. Blackburn and Bury opening new retail centres soon. Liverpool and Manchester's prime headline and net effective office rents to stabilise in the second half of 2010. Regeneration in Barrow comes together slowly. Preston's urban regeneration group, Preston Vision, is forging with local businesses a development strategy for the next decade. Lancashire farm-based energy producers, Farmgen, aims to sell energy to local utility companies. Liverpool campaigns for second business improvement district. Salford's Media City UK's residential blocks will be occupied in the summer. | ||
| 590 | _aKA | ||
| 651 | 4 |
_aEngland _y886- |
|
| 690 | _aPROPERTY-COMMERCIAL PROPERTY-COMMERCIAL PROPERTY MARKET | ||
| 942 | _n0 | ||
| 999 |
_c82504 _d82504 |
||